|
|
|
|
| LEADER |
00000nam a2200000 a 4500 |
| 001 |
vtls008413583 |
| 003 |
SK-MaSNL |
| 005 |
20260425232347.0 |
| 008 |
180601s2005 xo o g e 001 0 slo |
| 015 |
|
|
|a SNBA2006/07-03787
|
| 020 |
|
|
|a 8096938886
|q (viaz.)
|
| 035 |
|
|
|a 91D1F735-11EA-4B9B-AC3E-FBE40D261A89
|
| 035 |
|
|
|a urn:nbn:sk:snk-am3h5ac
|
| 035 |
|
|
|a urn:nbn:sk:snk-am00cnuo
|
| 040 |
|
|
|a SNK
|b slo
|c SNK
|e AACR2
|
| 041 |
0 |
|
|a slo
|
| 043 |
|
|
|a e-xo---
|
| 044 |
|
|
|a xo
|c SK
|
| 072 |
|
7 |
|a 911
|2 Všeobecná geografia. Systematická geografia
|2 konspekt
|
| 072 |
|
7 |
|a 94(430//439)
|x Dejiny krajín strednej Európy
|2 konspekt
|
| 080 |
|
|
|a 711.437(091)
|2 1997
|
| 080 |
|
|
|a (437.6)
|2 1997
|
| 080 |
|
|
|a (031)
|2 1997
|
| 080 |
|
|
|a 911.375 (437.6)
|x (031)
|2 2001
|
| 080 |
|
|
|a 911.373
|2 1997
|
| 080 |
|
|
|a 911.375
|2 1997
|
| 245 |
0 |
0 |
|a Encyklopédia miest a obcí Slovenska
|c [zostavovateľ: Peter Süle, Peter Süle ml.]
|
| 250 |
|
|
|a [1. vyd.]
|
| 260 |
|
|
|a Lučenec
|b PS - LINE
|c 2005
|
| 300 |
|
|
|a 960 s.
|b fotogr.
|c 29 cm
|
| 490 |
1 |
|
|a Knižnica príručiek Slovenska
|
| 500 |
|
|
|a Fotogr. a mp. na predsádkach. Mp. na tit. strane
|
| 504 |
|
|
|a Bibliogr. s. 948-960. Abeced. reg. obcí. Abeced. zoz.miestných častí obcí. Zozn. použ. skrat.
|
| 650 |
0 |
7 |
|a mestá
|2 SNKPH
|9 2929
|
| 650 |
0 |
7 |
|a obce
|2 SNKPH
|9 2935
|
| 651 |
|
7 |
|a Slovensko
|2 SNKPH
|9 14231
|
| 655 |
|
7 |
|a encyklopédie
|2 SNKPH
|9 28776
|
| 700 |
1 |
|
|a Süle, Peter
|4 com
|9 471092
|
| 700 |
1 |
|
|a Süle, Peter
|c ml.
|4 com
|9 471093
|
| 830 |
|
0 |
|a Knižnica príručiek Slovenska
|9 471094
|
| 919 |
|
|
|a 80-969388-8-6
|
| 958 |
|
|
|a NB
|
| 968 |
|
|
|d 91
|
| 999 |
|
|
|c 737261
|d 739191
|
| 952 |
|
|
|a SNK
|b SNK
|y PREZ
|7 0
|p 17A0491991
|o snkSB 71395
|i snk2005/20749
|8 0
|0 0
|1 0
|4 0
|d 2005-12-06
|f 1
|l 0
|r 2025-04-23 00:00:00
|w 2026-02-23
|
| 952 |
|
|
|a SNK
|b SNK
|y VYP
|7 0
|p 17A0491992
|o snkSB 71395 D1
|i snk2005/20750
|8 0
|0 0
|1 0
|4 0
|d 2005-12-06
|l 0
|r 2016-06-30 00:00:00
|w 2026-02-23
|
| 952 |
|
|
|a SNK
|b SNK
|y VYP
|7 0
|p 17A0464982
|o snkSB 71395 D2
|i snk2006/4011
|8 3
|g 66.35
|3 Vrátené z príručnej knižnice.
|0 0
|1 0
|4 0
|d 2006-02-23
|l 0
|r 2026-02-23 22:48:18
|w 2026-02-23
|
| 952 |
|
|
|a SNK
|b SNK
|y VYP
|7 0
|p 17A0464983
|o snkSB 71395 D3
|i snk2006/4019
|8 3
|g 66.35
|0 0
|1 0
|4 0
|d 2006-02-23
|l 0
|r 2016-06-30 00:00:00
|w 2026-02-23
|
| 952 |
|
|
|a SNKPRIRUCN
|b SNKPULT
|y VYP
|7 0
|p 17A0474596
|o snkSB 71395 D5
|i snk2006/5531
|8 3
|g 55.77
|3 Vrátené z príručnej knižnice.
|0 0
|1 0
|4 0
|d 2006-03-14
|l 1
|q 2026-08-18
|r 2026-03-27 14:27:05
|s 2026-03-27
|w 2026-02-23
|
| 952 |
|
|
|a SNK
|b SNK
|y VYP
|7 0
|p 17A0474600
|o snkSB 71395 D6
|i snk2006/5543
|8 3
|g 55.77
|3 Vrátené z príručnej knižnice.
|0 0
|1 0
|4 0
|d 2006-03-14
|l 0
|r 2026-02-23 22:48:18
|w 2026-02-23
|
| 952 |
|
|
|a SNK
|b SNK
|y VYP
|7 0
|p 17A0474599
|o snkSB 71395 D7
|i snk2006/5544
|8 3
|g 55.77
|0 0
|1 0
|4 0
|d 2006-03-14
|l 0
|r 2016-06-30 00:00:00
|w 2026-02-23
|
| 952 |
|
|
|a SNK
|b SNK
|y VYP
|7 0
|p 17A0474598
|o snkSB 71395 D8
|i snk2006/5545
|8 3
|g 55.77
|0 0
|1 0
|4 0
|d 2006-03-14
|l 0
|r 2016-06-30 00:00:00
|w 2026-02-23
|
| 952 |
|
|
|a SNK
|b SNK
|y VYP
|7 0
|p 17A0474594
|o snkSB 71395 D11
|i snk2006/5548
|8 3
|g 55.77
|0 0
|1 0
|4 0
|d 2006-03-14
|l 0
|r 2016-06-30 00:00:00
|w 2026-02-23
|
| 952 |
|
|
|a SNKPRIRUCN
|b SNKPULT
|y VYP
|7 0
|p 17A0474593
|o snkSB 71395 D12
|i snk2006/5549
|8 3
|g 55.77
|3 Vrátené z príručnej knižnice.
|0 0
|1 0
|4 0
|d 2006-03-14
|l 1
|q 2026-10-08
|r 2026-03-27 14:22:47
|s 2026-03-27
|w 2026-02-23
|
| 952 |
|
|
|a SNKPRIRUCN
|b SNKPULT
|y VYP
|7 0
|p 17A0510238
|o snkSB 71395 D13
|i snk2006/17208
|8 3
|g 66.35
|3 Vrátené z príručnej knižnice.
|0 0
|1 0
|4 0
|d 2006-09-04
|l 1
|q 2026-10-23
|r 2026-03-27 14:24:53
|s 2026-03-27
|w 2026-02-23
|
| 952 |
|
|
|t snkENC 911.37(437.6)
|a SNKUST
|b SNKUST
|y PREZ
|7 0
|p 17A0464984
|o snkSB 71395 D4
|i snk2006/4024
|8 3
|g 66.35
|0 0
|1 0
|4 0
|d 2006-02-23
|l 0
|r 2025-05-28 00:00:00
|w 2026-02-23
|
| 952 |
|
|
|a SNKLM
|b SNKLM
|y NEVYP
|7 0
|p 17A0474597
|o snkSB 71395 D9
|i snk2006/5546
|8 3
|g 55.77
|3 Vrátené z príručnej knižnice
|0 0
|1 0
|4 0
|d 2006-03-14
|l 0
|r 2026-02-23 22:48:19
|w 2026-02-23
|
| 952 |
|
|
|a SNKLA
|b SNKLA
|c SNKLA_ST
|y PREZ
|7 0
|p 17A0474595
|o snkSB 71395 D10
|i snk2006/5547
|8 3
|g 55.77
|3 Vrátené z príručnej knižnice.
|0 0
|1 0
|4 0
|d 2006-03-14
|l 0
|r 2026-02-23 22:48:19
|w 2026-02-23
|